| 000 | 01509nam a2200313 a 4500 | ||
|---|---|---|---|
| 001 | BRCA_3121 | ||
| 005 | 20190320204124.0 | ||
| 008 | 290109s1855----fr-#---###---#000-0#fre-u | ||
| 041 | _afre | ||
| 044 | _afr | ||
| 084 |
_a428 _b.V55 _c1855 |
||
| 100 | 1 |
_aCervantes Saavedra, Miguel de _d1547-1616 _9213 |
|
| 245 | 1 | 0 |
_aHistoire de l´Ingenieux Seigneur Don Quichotte de la Manche _cMiguel de Cervantes Saavedra. |
| 260 |
_aParís _bPaopulaire des Villes et des Campagnes _c1855 |
||
| 300 |
_a407 p. _c24 cm. |
||
| 500 | _aContenido : Primera parte. Prólogo del autor. Texto. Segunda parte. Texto | ||
| 500 | _aEdición : Traduite sur le texte original par Filleau de Saint-Martin. Nouvelle edition revue et corrigée d prés les traductions comparees de Oudin et Rosser, Florian, Bouchon-Dubournial, Delaunay, F. de Brotonne, etc. Ornée de 8 gravures | ||
| 500 | _aReproducción de la traducción de Filleau de Saint-Martin, publicada por B. Renault, en 1846. Semipiel; lomera decorada con filetes dorados Lúdovik Osterc | ||
| 500 | _aQM374C | ||
| 546 | _aTexto en :francés | ||
| 650 | 1 | 4 |
_aNovela española _yÉpoca clásica, 1500-1700 _9215 |
| 650 | 1 | 4 |
_aLiteratura española _yÉpoca clásica, 1500-1700 _9216 |
| 650 | 1 | 4 |
_aNovela española _ySiglo XVII _9217 |
| 650 | 1 | 4 |
_aDon Quijote (Personaje ficticio) _eNovela _9218 |
| 700 | 1 |
_aSaint-Martin, Francois Filleau de _d1632-1695 _eTraductor _98479 |
|
| 740 | 0 | _aEl Ingenioso Hidalgo Don Quijote de la Mancha | |
| 902 | _aQFM | ||
| 942 |
_2lcc _cB |
||
| 999 |
_c2857 _d2857 |
||